Principles of managerial finance / (Record no. 20902)
[ view plain ]
| 000 -LEADER | |
|---|---|
| fixed length control field | 01192nam a22003615a 4500 |
| 001 - CONTROL NUMBER | |
| control field | 016866134 |
| 003 - CONTROL NUMBER IDENTIFIER | |
| control field | OSt |
| 005 - DATE AND TIME OF LATEST TRANSACTION | |
| control field | 20201128023606.0 |
| 008 - FIXED-LENGTH DATA ELEMENTS--GENERAL INFORMATION | |
| fixed length control field | 150812t2015 enka frd 001 0 eng d |
| 015 ## - NATIONAL BIBLIOGRAPHY NUMBER | |
| National bibliography number | GBB5E2381 |
| Source | bnb |
| 020 ## - INTERNATIONAL STANDARD BOOK NUMBER | |
| International Standard Book Number | 9781292018201 (paperback) |
| 020 ## - INTERNATIONAL STANDARD BOOK NUMBER | |
| International Standard Book Number | 1292018208 (paperback) |
| 020 ## - INTERNATIONAL STANDARD BOOK NUMBER | |
| International Standard Book Number | 129207826X |
| 020 ## - INTERNATIONAL STANDARD BOOK NUMBER | |
| International Standard Book Number | 9781292078267 |
| 040 ## - CATALOGING SOURCE | |
| Original cataloging agency | StDuBDS |
| Language of cataloging | eng |
| Transcribing agency | StDuBDS |
| Modifying agency | EG-ScBUE |
| -- | EG-ScBUE |
| 082 04 - DEWEY DECIMAL CLASSIFICATION NUMBER | |
| Classification number | 658.15 |
| Item number | GIT |
| Edition number | 22 |
| 100 1# - MAIN ENTRY--PERSONAL NAME | |
| Personal name | Gitman, Lawrence J. |
| 9 (RLIN) | 11768 |
| 245 10 - TITLE STATEMENT | |
| Title | Principles of managerial finance / |
| Statement of responsibility, etc | Lawrence J. Gitman, Chad J. Zutter. |
| 250 ## - EDITION STATEMENT | |
| Edition statement | 14th ed., Global ed. |
| 260 ## - PUBLICATION, DISTRIBUTION, ETC. (IMPRINT) | |
| Place of publication, distribution, etc | Harlow : |
| Name of publisher, distributor, etc | Pearson Education Limited, |
| Date of publication, distribution, etc | c.2015. |
| 300 ## - PHYSICAL DESCRIPTION | |
| Extent | 1 v. (various pagings) : |
| Other physical details | ill. (col.) ; |
| Dimensions | 26 cm. |
| 500 ## - GENERAL NOTE | |
| General note | Previous edition : 2012. |
| 500 ## - GENERAL NOTE | |
| General note | Includes index. |
| 500 ## - GENERAL NOTE | |
| General note | Includes glossary. |
| 500 ## - GENERAL NOTE | |
| General note | Student access code : My lab. |
| 650 #7 - SUBJECT ADDED ENTRY--TOPICAL TERM | |
| Topical term or geographic name as entry element | Corporations |
| General subdivision | Finance. |
| Source of heading or term | BUEsh |
| 9 (RLIN) | 2321 |
| 650 #7 - SUBJECT ADDED ENTRY--TOPICAL TERM | |
| Topical term or geographic name as entry element | Business enterprises |
| General subdivision | Finance. |
| Source of heading or term | BUEsh |
| 9 (RLIN) | 1452 |
| 651 ## - SUBJECT ADDED ENTRY--GEOGRAPHIC NAME | |
| Source of heading or term | BUEsh |
| 653 ## - INDEX TERM--UNCONTROLLED | |
| Resource For college | BAEPS, Economics |
| Arrived date list | October2015 |
| -- | September2018 |
| 655 ## - INDEX TERM--GENRE/FORM | |
| Form subdivision | Text book |
| -- | 33728 |
| 700 1# - ADDED ENTRY--PERSONAL NAME | |
| Personal name | Zutter, Chad J. |
| 856 04 - ELECTRONIC LOCATION AND ACCESS | |
| Electronic name | Student access code |
| Uniform Resource Identifier | <a href="www.pearsonmylabs.com">www.pearsonmylabs.com</a> |
| Withdrawn status | Item status | Source of classification or shelving scheme | Damaged status | Not for loan | Vendor | Home library | Current library | Shelving location | Date acquired | Source of acquisition | Total Checkouts | Full call number | Barcode | Date last seen | Koha item type | Cost, normal purchase price | Total Renewals | Checked out | Date last borrowed |
|---|---|---|---|---|---|---|---|---|---|---|---|---|---|---|---|---|---|---|---|
| Dewey Decimal Classification | Baccah | Central Library | Central Library | First floor | 13/10/2015 | Purchase | 658.15 GIT | 000039898 | 15/07/2025 | NB - Book (Non borrowing) | |||||||||
| Dewey Decimal Classification | Baccah | Central Library | Central Library | First floor | 20/09/2018 | Purchase | 3 | 658.15 GIT | 000043578 | 13/04/2021 | Book - Borrowing | 550.00 | 16 | 14/11/2022 | 13/04/2021 | ||||
| Dewey Decimal Classification | Baccah | Central Library | Central Library | First floor | 20/09/2018 | Purchase | 3 | 658.15 GIT | 000043579 | 02/03/2026 | Book - Borrowing | 550.00 | 13 | 01/04/2026 | 02/03/2026 | ||||
| Dewey Decimal Classification | Baccah | Central Library | Central Library | First floor | 20/09/2018 | Purchase | 3 | 658.15 GIT | 000043580 | 15/07/2025 | Book - Borrowing | 550.00 | 37 | 09/11/2020 |